[Event "Elite-ch POM"]
[Site "Montreal CAN"]
[Date "2013.10.12"]
[Round "2"]
[White "Turcotte, Jonathan"]
[Black "Oussedik, Elias"]
[Result "1-0"]
[WhiteElo "2022"]
[BlackElo "2103"]
[PlyCount "108"]
[GameId "2160767909229226"]
[EventDate "2013.10.11"]
[EventType "swiss"]
[EventRounds "7"]
[EventCountry "CAN"]
[SourceTitle "hb 2013"]

1. d4 e6 2. c4 Nf6 3. Nf3 c5 4. d5 exd5 5. cxd5 d6 6. Nc3 g6 7. h3 Bg7 8. e4 O-O 9. Bd3 Nh5 10. O-O Nd7 11. Bg5 Bf6 12. Bh6 Bg7 13. Qd2 Re8 14. Rfe1 Ne5 15. Be2 Nxf3+ 16. Bxf3 Bxh6 17. Qxh6 Re5 18. Bxh5 Rxh5 19. Qf4 a6 20. e5 Rf5 21. Qh2 Qh4 22. Ne4 dxe5 23. Qg3 Qe7 24. d6 Qe6 25. Rad1 b6 26. Qh4 f6 27. d7 Bxd7 28. Rd6 g5 29. Qh6 Qe7 30. Nxf6+ Rxf6 31. Qxf6 Re8 32. Rxb6 Bb5 33. Qxe7 Rxe7 34. Rd6 Kf7 35. b3 e4 36. Rd5 Kf6 37. Rxc5 h6 38. Rd5 h5 39. a4 Bd3 40. f3 Bc2 41. fxe4 Bxb3 42. Rd6+ Re6 43. Rxe6+ Kxe6 44. a5 Ke5 45. Kf2 Bc2 46. Kf3 Bd3 47. g3 Bc2 48. Re3 Bd1+ 49. Kf2 Bc2 50. Rc3 Bxe4 51. Rc5+ Kf6 52. Ke3 Bg2 53. h4 gxh4 54. gxh4 Kg6 1-0

[Event "Elite-ch POM"]
[Site "Montreal CAN"]
[Date "2013.10.12"]
[Round "3"]
[White "Beaulieu, Eric"]
[Black "Gutierrez, Leonela"]
[Result "1-0"]
[WhiteElo "2239"]
[BlackElo "2079"]
[PlyCount "69"]
[GameId "2160767909229228"]
[EventDate "2013.10.11"]
[EventType "swiss"]
[EventRounds "7"]
[EventCountry "CAN"]
[SourceTitle "hb 2013"]

1. d4 Nf6 2. c4 g6 3. Nc3 Bg7 4. g3 c6 5. e4 d6 6. Bg2 O-O 7. Nge2 e5 8. O-O Re8 9. d5 Bd7 10. dxc6 Bxc6 11. b4 b6 12. Qd3 Nbd7 13. Bb2 Rc8 14. a3 Nf8 15. Rfd1 Ne6 16. Bh3 Ng5 17. Bg2 Qd7 18. f3 Nh5 19. Qxd6 Qxd6 20. Rxd6 Ba8 21. h4 Ne6 22. Bh3 f5 23. exf5 Nd4 24. f6 Bf8 25. Rxd4 exd4 26. Nxd4 Rxc4 27. Be6+ Rxe6 28. Nxe6 Nxf6 29. Nxf8 Kxf8 30. Rd1 Kf7 31. Kf2 h6 32. Rd2 g5 33. hxg5 hxg5 34. Nb5 Ke7 35. Re2+ 1-0

[Event "Elite-ch POM"]
[Site "Montreal CAN"]
[Date "2013.10.12"]
[Round "3"]
[White "Nikulich, Oleksandr"]
[Black "Turcotte, Jonathan"]
[Result "1-0"]
[WhiteElo "2100"]
[BlackElo "2022"]
[PlyCount "62"]
[GameId "2160767909229231"]
[EventDate "2013.10.11"]
[EventType "swiss"]
[EventRounds "7"]
[EventCountry "CAN"]
[SourceTitle "hb 2013"]

1. Nf3 d5 2. c4 c6 3. b3 Bf5 4. Bb2 e6 5. d4 Nd7 6. Nbd2 h6 7. g3 Ngf6 8. Bg2 Bd6 9. O-O O-O 10. Ne5 a5 11. a3 Qe7 12. Ndf3 Ne4 13. Nd3 Rfe8 14. e3 Ng5 15. Nxg5 Qxg5 16. Qd2 a4 17. c5 Bc7 18. b4 Qg6 19. Rfd1 e5 20. dxe5 Nxe5 21. Nxe5 Bxe5 22. Bxe5 Rxe5 23. Qb2 Rae8 24. Rd4 Bc2 25. Rc1 Bb3 26. Bf3 Qg5 27. Bd1 Bxd1 28. f4 Rxe3 29. fxg5 Re1+ 30. Kf2 R1e2+ 31. Qxe2 Bxe2 1-0

[Event "Elite-ch POM"]
[Site "Montreal CAN"]
[Date "2013.10.12"]
[Round "3"]
[White "Oussedik, Elias"]
[Black "Le Duin, Thierry"]
[Result "0-1"]
[WhiteElo "2103"]
[BlackElo "2051"]
[PlyCount "116"]
[GameId "2160767909229232"]
[EventDate "2013.10.11"]
[EventType "swiss"]
[EventRounds "7"]
[EventCountry "CAN"]
[SourceTitle "hb 2013"]

1. d4 Nf6 2. c4 c5 3. d5 b5 4. cxb5 a6 5. bxa6 g6 6. g3 d6 7. Nc3 Bxa6 8. e4 Bg7 9. Nf3 Bxf1 10. Kxf1 O-O 11. Kg2 Nbd7 12. Re1 Ne8 13. Re2 Nc7 14. Qc2 Rb8 15. b3 f5 16. Bb2 Rb4 17. exf5 Rxf5 18. Qd2 Qf8 19. Rae1 Bf6 20. Qd3 Nb6 21. Rd2 Qf7 22. Ba3 Bxc3 23. Qxc3 Nbxd5 24. Qd3 Rbf4 25. Nh4 Rxf2+ 26. Kg1 Rxd2 27. Qxd2 Rf6 28. Bb2 e5 29. Rd1 Kg7 30. a4 Nb4 31. Bc1 Qxb3 32. Qh6+ Kg8 33. Re1 Ne6 34. a5 Nd3 35. Bg5 Nxg5 36. Qxg5 Kg7 37. Qe3 Qb5 38. Rd1 Nb4 39. Nf3 Qa4 40. Rd2 Nc6 41. Kg2 Qxa5 42. Rb2 Qc7 43. Qe4 Nb4 44. Rb1 Qa7 45. Rd1 Qa4 46. Rd2 Qc6 47. Qe3 e4 48. Nh4 d5 49. Kg1 d4 50. Qg5 e3 51. Re2 Qb5 52. Re1 e2 53. Kg2 Qc6+ 54. Kg1 d3 55. Ra1 Qb6 56. Qe5 c4+ 57. Kh1 Nc2 58. Nf3 Nxa1 0-1

[Event "Elite-ch POM"]
[Site "Montreal CAN"]
[Date "2013.10.12"]
[Round "3"]
[White "Padjen, Zdenko"]
[Black "Guo, Forest"]
[Result "1/2-1/2"]
[WhiteElo "1998"]
[BlackElo "2059"]
[PlyCount "61"]
[GameId "2160767909229233"]
[EventDate "2013.10.11"]
[EventType "swiss"]
[EventRounds "7"]
[EventCountry "CAN"]
[SourceTitle "hb 2013"]

1. e4 c5 2. Nf3 d6 3. c3 Nf6 4. Be2 e6 5. O-O Nc6 6. d3 Be7 7. a4 O-O 8. Na3 a6 9. Nc4 d5 10. exd5 exd5 11. Nce5 Nxe5 12. Nxe5 Bd6 13. d4 Re8 14. f4 b6 15. g4 Ne4 16. Bf3 Bb7 17. Be3 Qc7 18. Bxe4 dxe4 19. Nc4 cxd4 20. Nxd6 Qxd6 21. cxd4 Bd5 22. Qe1 Rac8 23. Rf2 f5 24. gxf5 Qf6 25. Rg2 Qxf5 26. Rc1 Rxc1 27. Qxc1 Rc8 28. Qd2 Rc4 29. Rg5 Qd7 30. a5 b5 31. f5 1/2-1/2

[Event "Elite-ch POM"]
[Site "Montreal CAN"]
[Date "2013.10.12"]
[Round "3"]
[White "Robichaud, Louis"]
[Black "Zhou, Qiyu"]
[Result "0-1"]
[WhiteElo "2068"]
[BlackElo "2183"]
[PlyCount "124"]
[GameId "2160767909229234"]
[EventDate "2013.10.11"]
[EventType "swiss"]
[EventRounds "7"]
[EventCountry "CAN"]
[SourceTitle "EXT 2022"]
[Source "ChessBase"]
[SourceDate "2021.10.06"]
[SourceVersion "1"]
[SourceVersionDate "2021.10.06"]
[SourceQuality "1"]

1. e4 e5 2. Nf3 Nc6 3. Bb5 a6 4. Ba4 Nf6 5. O-O Be7 6. Re1 b5 7. Bb3 d6 8. c3 O-O 9. h3 Na5 10. Bc2 c5 11. d4 Nd7 12. Nbd2 exd4 13. cxd4 Nc6 14. Nf1 Bf6 15. Be3 Bb7 16. Ng3 cxd4 17. Nxd4 Nde5 18. b3 Rc8 19. Re2 Qd7 20. Nh5 Qd8 21. f4 Ng6 22. Nf5 Bxa1 23. Qxa1 f6 24. Nhxg7 Qd7 25. Nh5 Qd8 26. Nh6+ Kh8 27. Ng4 Nce5 28. fxe5 fxe5 29. Ng3 Nf4 30. Rf2 Nxh3+ 31. gxh3 Rxf2 32. Bxf2 Rxc2 33. Nxe5 dxe5 34. Qxe5+ Kg8 35. Bd4 Kf7 36. Qg7+ Ke8 37. Nf5 Rc7 38. Qe5+ Kd7 39. Qd6+ Kc8 40. Qxd8+ Kxd8 41. Bb6 Bxe4 42. Nd4 Kd7 43. Bxc7 Kxc7 44. b4 Kd6 45. Nb3 Bd5 46. Nc5 Bxa2 47. Nxa6 Kd5 48. Kf2 Bb1 49. Ke3 Bf5 50. h4 Kc4 51. Kf4 Bc8 52. Nc7 Kxb4 53. h5 Kc4 54. Ne8 b4 55. Nd6+ Kd3 56. Nxc8 b3 57. Ne7 b2 58. Kg5 b1=Q 59. Kh6 Qb7 60. Ng8 Ke4 61. Nf6+ Kf5 62. Nd7 Qc6+ 0-1

[Event "Elite-ch POM"]
[Site "Montreal CAN"]
[Date "2013.10.12"]
[Round "3"]
[White "Sambuev, Bator"]
[Black "Masse, Hugues"]
[Result "1-0"]
[WhiteElo "2575"]
[BlackElo "2188"]
[PlyCount "91"]
[GameId "2160767909229235"]
[EventDate "2013.10.11"]
[EventType "swiss"]
[EventRounds "7"]
[EventCountry "CAN"]
[SourceTitle "hb 2013"]

1. g3 Nf6 2. Bg2 e5 3. d3 g6 4. e4 Bg7 5. Ne2 d5 6. exd5 Nxd5 7. Nbc3 Nxc3 8. bxc3 O-O 9. O-O Nd7 10. Rb1 c6 11. c4 Re8 12. Be3 Qc7 13. Qd2 b6 14. f4 exf4 15. Bxf4 Be5 16. Bxe5 Qxe5 17. Nc3 Bb7 18. Qf2 f5 19. Nb5 a6 20. Rbe1 Qf6 21. Nc7 Rxe1 22. Rxe1 Rc8 23. Ne8 Qf8 24. Qe3 Rd8 25. Qe6+ Kh8 26. Nd6 Nc5 27. Qe5+ Kg8 28. Nxb7 Nxb7 29. Bxc6 Qc5+ 30. Qxc5 Nxc5 31. Re7 Rd6 32. Bd5+ Kh8 33. Kf2 Rd7 34. Re8+ Kg7 35. d4 Ne4+ 36. Bxe4 Kf7 37. Bc6 Kxe8 38. Ke3 g5 39. c5 bxc5 40. dxc5 Ke7 41. Bxd7 Kxd7 42. Kd4 Ke6 43. c6 h5 44. c7 Kd7 45. Ke5 f4 46. gxf4 1-0

[Event "Elite-ch POM"]
[Site "Montreal CAN"]
[Date "2013.10.12"]
[Round "3"]
[White "Yu, Zong Yang"]
[Black "Gueorguiev, Valentin"]
[Result "1-0"]
[WhiteElo "2071"]
[BlackElo "1872"]
[PlyCount "115"]
[GameId "2160767909229236"]
[EventDate "2013.10.11"]
[EventType "swiss"]
[EventRounds "7"]
[EventCountry "CAN"]
[SourceTitle "hb 2013"]

1. d4 g6 2. c4 Bg7 3. Nf3 c5 4. e4 Nc6 5. dxc5 Qa5+ 6. Nbd2 Qxc5 7. Nb3 Qb6 8. Be3 Qb4+ 9. Bd2 Qb6 10. c5 Qc7 11. Qc2 Nf6 12. Bc3 O-O 13. Be2 b6 14. Rc1 bxc5 15. Nxc5 d6 16. Nb3 Bb7 17. O-O Rac8 18. Nbd2 Qd7 19. Bb5 a6 20. Ba4 Qg4 21. Qd3 Nh5 22. Qe3 Ne5 23. Nxe5 dxe5 24. Bd1 Qf4 25. Qa7 Ba8 26. Bxh5 gxh5 27. Rcd1 Bf6 28. Qxa6 Kh8 29. Qe2 h4 30. Qf3 Qg5 31. Kh1 Rg8 32. h3 Bb7 33. Rg1 Rc7 34. Nf1 Rc4 35. Re1 Qg6 36. Nd2 Rc5 37. Qe3 Rcc8 38. Nf3 Qh5 39. Qe2 Rc7 40. Qb5 Qg6 41. Bxe5 Bc6 42. Qa5 Rb7 43. Qc3 Bd7 44. Nxh4 Qh6 45. Nf5 Bxf5 46. exf5 Qg5 47. g4 Kg7 48. f4 Qh4 49. Re3 h6 50. g5 Bxe5 51. Qxe5+ Kh7 52. f6 Qf2 53. Qe4+ Kh8 54. Re2 Qb6 55. fxe7 Re8 56. Qe5+ Kh7 57. gxh6 Qxh6 58. Qe4+ 1-0

[Event "Elite-ch POM"]
[Site "Montreal CAN"]
[Date "2013.10.13"]
[Round "4"]
[White "Bouchard, Jean-Marc"]
[Black "Zhu, Hong Rui"]
[Result "1/2-1/2"]
[WhiteElo "1976"]
[BlackElo "2070"]
[PlyCount "53"]
[GameId "2160767909229237"]
[EventDate "2013.10.11"]
[EventType "swiss"]
[EventRounds "7"]
[EventCountry "CAN"]
[SourceTitle "hb 2013"]

1. Nf3 c5 2. g3 Nc6 3. d4 cxd4 4. Nxd4 Nf6 5. Bg2 g6 6. O-O Bg7 7. c4 O-O 8. Nc3 Qb6 9. Nb3 d6 10. Be3 Qd8 11. h3 Be6 12. Nd5 Qd7 13. Kh2 Ne5 14. Nxf6+ Bxf6 15. c5 Rfd8 16. cxd6 Qxd6 17. Qxd6 Rxd6 18. Bxb7 Rb8 19. Bg2 Bxb3 20. axb3 Rxb3 21. Rxa7 Rxb2 22. Bh6 Rd8 23. Rfa1 Bg7 24. Ra8 Rbb8 25. Rxb8 Rxb8 26. Bxg7 Kxg7 27. Ra2 1/2-1/2

[Event "Elite-ch POM"]
[Site "Montreal CAN"]
[Date "2013.10.13"]
[Round "4"]
[White "Gueorguiev, Valentin"]
[Black "Padjen, Zdenko"]
[Result "1/2-1/2"]
[WhiteElo "1872"]
[BlackElo "1998"]
[PlyCount "88"]
[GameId "2160767909229238"]
[EventDate "2013.10.11"]
[EventType "swiss"]
[EventRounds "7"]
[EventCountry "CAN"]
[SourceTitle "hb 2013"]

1. c4 f5 2. g3 Nf6 3. Bg2 g6 4. b3 Bg7 5. Bb2 d6 6. d4 O-O 7. Nf3 Ne4 8. O-O c6 9. Qc2 Na6 10. Nc3 Nb4 11. Qb1 d5 12. a3 Na6 13. cxd5 cxd5 14. Qd1 Nxc3 15. Bxc3 f4 16. b4 fxg3 17. hxg3 Nc7 18. Qb3 Kh8 19. Ne5 Be6 20. Nd3 Bg8 21. a4 Rc8 22. Rac1 e5 23. Bh3 Ra8 24. Nxe5 Bxe5 25. dxe5 d4 26. e6 Nxe6 27. Bxe6 Bxe6 28. Qxe6 dxc3 29. Qe5+ Qf6 30. Qxf6+ Rxf6 31. Rxc3 Re8 32. e3 Re4 33. Rc8+ Kg7 34. Rc7+ Rf7 35. Rxf7+ Kxf7 36. Rb1 Ke6 37. Kg2 Rc4 38. Rb2 h5 39. f3 a6 40. e4 Ke5 41. Kf2 Kd4 42. Rd2+ Ke5 43. Ke3 Rxb4 44. f4+ Ke6 1/2-1/2

[Event "Elite-ch POM"]
[Site "Montreal CAN"]
[Date "2013.10.13"]
[Round "4"]
[White "Gutierrez, Leonela"]
[Black "Guo, Forest"]
[Result "1/2-1/2"]
[WhiteElo "2079"]
[BlackElo "2069"]
[PlyCount "74"]
[GameId "2160767909229239"]
[EventDate "2013.10.11"]
[EventType "swiss"]
[EventRounds "7"]
[EventCountry "CAN"]
[SourceTitle "hb 2013"]

1. e4 c5 2. Nf3 d6 3. d4 cxd4 4. Nxd4 Nf6 5. Nc3 a6 6. h3 e6 7. g4 b5 8. Bg2 Bb7 9. Qe2 b4 10. Nd1 Nc6 11. Nxc6 Bxc6 12. c4 bxc3 13. Nxc3 Be7 14. O-O Qc7 15. b3 O-O 16. Bb2 Qb7 17. f4 d5 18. e5 Ne4 19. Nxe4 Bb5 20. Qe3 Bxf1 21. Rxf1 dxe4 22. Bxe4 Bc5 23. Bd4 Bxd4 24. Qxd4 Qa7 25. Qf2 Qxf2+ 26. Rxf2 Rab8 27. f5 Rb5 28. fxe6 Rxe5 29. exf7+ Rxf7 30. Bxh7+ Kf8 31. Rc2 Rf3 32. Kg2 Rfe3 33. Rf2+ Ke7 34. Bg8 g5 35. Bc4 a5 36. a4 Kd6 37. Rf6+ Kc5 1/2-1/2

[Event "Elite-ch POM"]
[Site "Montreal CAN"]
[Date "2013.10.13"]
[Round "4"]
[White "Le Duin, Thierry"]
[Black "Corriveau, Philippe"]
[Result "1-0"]
[WhiteElo "2051"]
[BlackElo "2031"]
[PlyCount "127"]
[GameId "2160767909229241"]
[EventDate "2013.10.11"]
[EventType "swiss"]
[EventRounds "7"]
[EventCountry "CAN"]
[SourceTitle "hb 2013"]

1. d4 d5 2. Nf3 g6 3. Bg5 Bg7 4. e3 Nf6 5. Bd3 O-O 6. O-O Bg4 7. h3 Bxf3 8. Qxf3 Nbd7 9. c4 dxc4 10. Bxc4 c6 11. Nc3 Qa5 12. Bh4 Qb4 13. Qe2 Rac8 14. a3 Qb6 15. b4 e5 16. dxe5 Nxe5 17. Ba2 a5 18. Na4 Qa7 19. Nc5 b6 20. Bxf6 Bxf6 21. Ne4 Bg7 22. Rab1 axb4 23. axb4 Ra8 24. Bb3 Qe7 25. Ng3 Rfc8 26. b5 c5 27. Bd5 Ra5 28. f4 Nd7 29. e4 Bd4+ 30. Kh1 Nf6 31. Bc4 Ra3 32. Rf3 Rca8 33. e5 Ne8 34. Ne4 Rxf3 35. Qxf3 Ra4 36. Bb3 Rb4 37. Ng5 c4 38. Ba2 Rxb1+ 39. Bxb1 Bxe5 40. Ba2 Nd6 41. fxe5 Qxe5 42. Qa8+ Kg7 43. Nf3 Qc5 44. Qc6 Qxc6 45. bxc6 b5 46. c7 Kf6 47. Nd4 c3 48. Bb3 b4 49. Nc6 Kf5 50. Nxb4 Ke4 51. Na2 Kd3 52. Nxc3 Kxc3 53. Bxf7 Kd4 54. Be6 Ke5 55. c8=Q Nxc8 56. Bxc8 h5 57. Kg1 g5 58. Kf2 Kf4 59. g3+ Ke4 60. Bb7+ Kd4 61. Kf3 h4 62. g4 Kd3 63. Kf2 Kd4 64. Ke2 1-0

[Event "Elite-ch POM"]
[Site "Montreal CAN"]
[Date "2013.10.13"]
[Round "4"]
[White "Masse, Hugues"]
[Black "Desjardins, Michel"]
[Result "1-0"]
[WhiteElo "2188"]
[BlackElo "1912"]
[PlyCount "63"]
[GameId "2160767909229242"]
[EventDate "2013.10.11"]
[EventType "swiss"]
[EventRounds "7"]
[EventCountry "CAN"]
[SourceTitle "hb 2013"]

1. d4 d5 2. c4 dxc4 3. e3 Nf6 4. Bxc4 e6 5. Nf3 c5 6. O-O a6 7. Bb3 b5 8. a4 b4 9. e4 cxd4 10. Nbd2 Bb7 11. e5 Nd5 12. Nxd4 Be7 13. Qg4 O-O 14. Ne4 Kh8 15. Rd1 Qd7 16. Bf4 Rd8 17. a5 Nc6 18. Ba4 Rac8 19. Bg3 Rc7 20. Rac1 Rdc8 21. Nd6 f5 22. exf6 Nxf6 23. Qxe6 Bxd6 24. Qxd6 Qxd6 25. Bxd6 Nxd4 26. Rxc7 Rxc7 27. Bxc7 Ne6 28. Bd6 h6 29. Bxb4 Nf4 30. Rd8+ Kh7 31. Bc2+ g6 32. Bc3 1-0

[Event "Elite-ch POM"]
[Site "Montreal CAN"]
[Date "2013.10.13"]
[Round "4"]
[White "Robichaud, Louis"]
[Black "Oussedik, Elias"]
[Result "1-0"]
[WhiteElo "2068"]
[BlackElo "2103"]
[PlyCount "79"]
[GameId "2160767909229243"]
[EventDate "2013.10.11"]
[EventType "swiss"]
[EventRounds "7"]
[EventCountry "CAN"]
[SourceTitle "EXT 2022"]
[Source "ChessBase"]
[SourceDate "2021.10.06"]
[SourceVersion "1"]
[SourceVersionDate "2021.10.06"]
[SourceQuality "1"]

1. e4 e6 2. d3 c5 3. g3 d5 4. Nd2 Bd6 5. Ngf3 Nc6 6. Bg2 Nge7 7. O-O O-O 8. Re1 f6 9. c3 Bc7 10. Nb3 b6 11. d4 c4 12. Nbd2 b5 13. b3 Bd7 14. bxc4 bxc4 15. Ba3 Re8 16. Rc1 Qc8 17. exd5 exd5 18. Nf1 Qa6 19. Bxe7 Nxe7 20. Qd2 Bd6 21. Ne3 Rab8 22. Nh4 Rb5 23. Nef5 Nxf5 24. Rxe8+ Bxe8 25. Nxf5 Ba3 26. Re1 Bf7 27. h4 Qb7 28. Qf4 Rb1 29. Rxb1 Qxb1+ 30. Kh2 Qb7 31. Qg4 g6 32. Nh6+ Kg7 33. Nxf7 Qxf7 34. Qc8 Bb2 35. Qd8 Bxc3 36. Bxd5 Qf8 37. Qd7+ Kh6 38. Bxc4 Qb4 39. Bg8 Kh5 40. Kh3 1-0

[Event "Elite-ch POM"]
[Site "Montreal CAN"]
[Date "2013.10.13"]
[Round "4"]
[White "Turcotte, Jonathan"]
[Black "Beaulieu, Eric"]
[Result "1-0"]
[WhiteElo "2022"]
[BlackElo "2239"]
[PlyCount "105"]
[GameId "2160767909229244"]
[EventDate "2013.10.11"]
[EventType "swiss"]
[EventRounds "7"]
[EventCountry "CAN"]
[SourceTitle "hb 2013"]

1. d4 Nf6 2. Nf3 e6 3. c4 c5 4. d5 exd5 5. cxd5 d6 6. Nc3 g6 7. h3 Bg7 8. e4 O-O 9. Bd3 a6 10. a4 Nbd7 11. O-O b6 12. Bf4 Qe7 13. Re1 Ne8 14. Bg5 f6 15. Bh4 Ne5 16. Bf1 Qf7 17. Nd2 g5 18. Bg3 f5 19. exf5 Qxf5 20. Nde4 Ra7 21. Be2 h6 22. Bh5 Qd7 23. Qe2 Qd8 24. Qd1 Re7 25. Be2 Ng6 26. Bg4 Nf4 27. Bxc8 Qxc8 28. Qg4 Qxg4 29. hxg4 Be5 30. Bxf4 Rxf4 31. f3 Nc7 32. Red1 b5 33. axb5 axb5 34. Ra7 b4 35. Nb5 Nxb5 36. Rxe7 Bxb2 37. Re6 Nc3 38. Rd2 Bc1 39. Rc2 Be3+ 40. Kf1 Nxd5 41. Rxd6 Nc3 42. Nxc3 Rc4 43. Ke2 b3 44. Kxe3 bxc2 45. Ne2 c1=Q+ 46. Nxc1 Rxc1 47. Rxh6 Kg7 48. Rc6 Rc2 49. Ke4 c4 50. Kf5 c3 51. Kxg5 Kf7 52. f4 Rc1 53. f5 1-0

[Event "Elite-ch POM"]
[Site "Montreal CAN"]
[Date "2013.10.13"]
[Round "4"]
[White "Zhou, Qiyu"]
[Black "Nikulich, Oleksandr"]
[Result "1/2-1/2"]
[WhiteElo "2030"]
[BlackElo "2100"]
[PlyCount "119"]
[GameId "2160767909229246"]
[EventDate "2013.10.11"]
[EventType "swiss"]
[EventRounds "7"]
[EventCountry "CAN"]
[SourceTitle "hb 2013"]

1. d4 Nf6 2. Nf3 d5 3. e3 Bf5 4. b3 e6 5. Bb2 Bd6 6. Be2 O-O 7. O-O Nbd7 8. c4 c6 9. Nbd2 Qe7 10. Ne5 Ne4 11. Nxe4 Bxe4 12. Qd2 Nxe5 13. dxe5 Bc7 14. f3 Bf5 15. Rfd1 Rad8 16. Qc1 Qg5 17. f4 Qg6 18. c5 Be4 19. g3 f6 20. exf6 gxf6 21. Qc3 e5 22. Bd3 exf4 23. Bxe4 dxe4 24. Rxd8 Rxd8 25. exf4 Bxf4 26. Qxf6 Be3+ 27. Kh1 Qxf6 28. Bxf6 Rd5 29. Re1 Bxc5 30. Rxe4 Rd1+ 31. Kg2 Rd2+ 32. Kh3 Rxa2 33. Bd4 Bxd4 34. Rxd4 Rf2 35. Kg4 Kg7 36. h4 Rf7 37. Kh5 Rf5+ 38. Kg4 Rd5 39. Re4 Rd7 40. Kf5 c5 41. g4 b5 42. Re5 Rc7 43. Ke6 c4 44. Kd6 Rc8 45. Kd7 Rb8 46. Rg5+ Kh8 47. bxc4 bxc4 48. Rc5 Rb4 49. Ke6 c3 50. Rxc3 Rxg4 51. h5 Rg8 52. Rc6 Ra8 53. Ra6 Kg7 54. Kf5 h6 55. Rg6+ Kh7 56. Ra6 Rf8+ 57. Ke6 Re8+ 58. Kf6 Rf8+ 59. Ke6 Re8+ 60. Kf6 1/2-1/2

[Event "Elite-ch POM"]
[Site "Montreal CAN"]
[Date "2013.10.13"]
[Round "5"]
[White "Corriveau, Philippe"]
[Black "Gutierrez, Leonela"]
[Result "0-1"]
[WhiteElo "2031"]
[BlackElo "2079"]
[PlyCount "92"]
[GameId "2160767909229248"]
[EventDate "2013.10.11"]
[EventType "swiss"]
[EventRounds "7"]
[EventCountry "CAN"]
[SourceTitle "hb 2013"]

1. e4 c5 2. Nc3 a6 3. a4 e6 4. d3 Nc6 5. g3 g6 6. Bg2 Bg7 7. Be3 d6 8. Qd2 Rb8 9. Nf3 Nd4 10. Rb1 Qa5 11. O-O Ne7 12. Nh4 O-O 13. f4 b5 14. axb5 axb5 15. Qf2 Bb7 16. Rfc1 f5 17. b4 Qa3 18. Nd1 Nec6 19. c3 Nb3 20. Rc2 Ra8 21. exf5 gxf5 22. Rcb2 c4 23. d4 Qa6 24. Nf3 Ne7 25. Nd2 Nxd2 26. Bxd2 Bxg2 27. Qxg2 Nd5 28. Ne3 Bxd4 29. cxd4 c3 30. Bxc3 Nxc3 31. Rc1 Ne4 32. g4 Kh8 33. g5 Qa3 34. Qe2 Rac8 35. Re1 Qc3 36. d5 exd5 37. Nxd5 Qd4+ 38. Ne3 Rc3 39. Ra2 Rc7 40. Kg2 Nc3 41. Qc2 Qxf4 42. Ra3 Qxb4 43. Rb3 Qc5 44. Nd1 Qd5+ 45. Kg1 Ne2+ 46. Qxe2 Qxb3 0-1

[Event "Elite-ch POM"]
[Site "Montreal CAN"]
[Date "2013.10.13"]
[Round "5"]
[White "Le Duin, Thierry"]
[Black "Masse, Hugues"]
[Result "0-1"]
[WhiteElo "2051"]
[BlackElo "2188"]
[PlyCount "216"]
[GameId "2160767909229250"]
[EventDate "2013.10.11"]
[EventType "swiss"]
[EventRounds "7"]
[EventCountry "CAN"]
[SourceTitle "hb 2013"]

1. d4 Nf6 2. Nf3 g6 3. Bg5 Bg7 4. e3 O-O 5. c4 Ne4 6. Bh4 c5 7. Nbd2 Nxd2 8. Qxd2 cxd4 9. Nxd4 b6 10. Be2 Bb7 11. Bf3 Bxf3 12. Nxf3 Nc6 13. O-O d6 14. Rab1 Qc7 15. b3 Rac8 16. Rfd1 Qb7 17. Rdc1 Rc7 18. Rc2 Rfc8 19. Rbc1 a6 20. Bg3 Rd7 21. Qe1 Rdd8 22. h3 Bf6 23. Kh2 Bg7 24. Kg1 Re8 25. Qd2 Rf8 26. Bh2 Rfd8 27. Qe1 Nb8 28. Bg3 Nd7 29. Qe2 Nc5 30. Nd2 Rd7 31. f3 Rcd8 32. e4 Ne6 33. Bf2 Nd4 34. Bxd4 Bxd4+ 35. Kh1 Qc8 36. Nf1 Qc5 37. Rd1 Be5 38. Qe3 Qxe3 39. Nxe3 e6 40. Kg1 h5 41. Kf2 h4 42. Ke2 Kf8 43. Rd3 Ke7 44. Rd1 Bf4 45. Rcd2 Rc7 46. Rd3 Rdc8 47. Nc2 b5 48. Na3 Rb8 49. Kf1 Rbb7 50. Ke2 Rc5 51. Kf1 f5 52. exf5 Rxf5 53. Re1 Re5 54. Rxe5 Bxe5 55. cxb5 axb5 56. Rd2 Kd7 57. Rc2 Bd4 58. Ke2 d5 59. Kd3 Bg1 60. Rc1 Ba7 61. Rc2 b4 62. Nb1 Bg1 63. Nd2 Bh2 64. Nf1 Be5 65. Ne3 Ra7 66. Ng4 Bc3 67. Ne3 Bg7 68. Ng4 Ra8 69. Ne3 Kd6 70. Ng4 Rf8 71. Ne3 Bh6 72. Ng4 Bg7 73. Ne3 Ra8 74. Ng4 Re8 75. Ne3 Bh6 76. Ng4 Bg5 77. Ne3 Bf4 78. Ng4 Rf8 79. Ne3 g5 80. Ng4 Ra8 81. Ne3 Be5 82. Ng4 Bf4 83. Ne3 Bxe3 84. Kxe3 e5 85. Kd3 Ke6 86. Ke2 Kf5 87. Ke3 Ra5 88. Kd3 Kf4 89. Ke2 e4 90. fxe4 Kxe4 91. Kd1 d4 92. Re2+ Kd3 93. Rd2+ Kc3 94. Rc2+ Kd3 95. Rd2+ Ke3 96. Re2+ Kf4 97. Rd2 Rd5 98. Kc2 Ke3 99. Rd3+ Ke4 100. Rd2 d3+ 101. Kd1 Ke3 102. Ke1 Rc5 103. Kd1 Rc3 104. Rb2 Rc5 105. Rd2 Rf5 106. Ke1 Kd4 107. Rb2 Kc3 108. Rd2 Rf1+ 0-1

[Event "Elite-ch POM"]
[Site "Montreal CAN"]
[Date "2013.10.13"]
[Round "5"]
[White "Oussedik, Elias"]
[Black "Desjardins, Michel"]
[Result "1/2-1/2"]
[WhiteElo "2103"]
[BlackElo "1912"]
[PlyCount "90"]
[GameId "2160767909229252"]
[EventDate "2013.10.11"]
[EventType "swiss"]
[EventRounds "7"]
[EventCountry "CAN"]
[SourceTitle "hb 2013"]

1. d4 d5 2. c4 dxc4 3. Nf3 Nf6 4. e3 e6 5. Bxc4 c5 6. O-O a6 7. Nbd2 b5 8. Bd3 Bb7 9. a4 c4 10. Be2 Nbd7 11. axb5 axb5 12. Rxa8 Qxa8 13. Qc2 Qc8 14. e4 Be7 15. e5 Nd5 16. Ne4 Nb4 17. Qb1 Qc6 18. Nc3 O-O 19. Bd2 Nd5 20. Rc1 N7b6 21. Bf1 h6 22. h4 Qd7 23. h5 Rc8 24. Be2 Qc6 25. Qc2 Nb4 26. Qd1 N6d5 27. Bf1 Qd7 28. Nh2 f5 29. exf6 Nxf6 30. Be3 Nbd5 31. Ng4 Nxg4 32. Qxg4 Nxe3 33. fxe3 Bg5 34. Re1 b4 35. Ne4 Bxe4 36. Qxe4 Qd5 37. Qg6 Qf5 38. Qxf5 exf5 39. Kf2 f4 40. exf4 Bxf4 41. Re2 c3 42. bxc3 bxc3 43. Rc2 Bd2 44. Be2 Rf8+ 45. Bf3 Kf7 1/2-1/2

[Event "Elite-ch POM"]
[Site "Montreal CAN"]
[Date "2013.10.13"]
[Round "5"]
[White "Padjen, Zdenko"]
[Black "Robichaud, Louis"]
[Result "0-1"]
[WhiteElo "2017"]
[BlackElo "2068"]
[PlyCount "78"]
[GameId "2160767909229253"]
[EventDate "2013.10.11"]
[EventType "swiss"]
[EventRounds "7"]
[EventCountry "CAN"]
[SourceTitle "EXT 2022"]
[Source "ChessBase"]
[SourceDate "2021.10.06"]
[SourceVersion "1"]
[SourceVersionDate "2021.10.06"]
[SourceQuality "1"]

1. e4 e5 2. Nf3 Nc6 3. Bb5 a6 4. Ba4 Nf6 5. d3 d6 6. Bxc6+ bxc6 7. h3 Be7 8. O-O O-O 9. Nc3 Rb8 10. b3 c5 11. a4 c6 12. a5 Ne8 13. Bd2 Nc7 14. Na4 f5 15. Nb6 Be6 16. exf5 Rxf5 17. c4 Rf7 18. Qe2 Bf5 19. b4 Ne6 20. bxc5 Nxc5 21. Ra3 Ne6 22. Rc3 Bg6 23. c5 Rxf3 24. Qxf3 d5 25. Re1 Bf6 26. Qg4 Qe8 27. Qa4 Nd4 28. Qa2 Qe6 29. Kh1 Rf8 30. f4 Bf5 31. fxe5 Bh4 32. Rcc1 Bxd3 33. Re3 Bb5 34. Be1 Rf1+ 35. Kh2 Bg5 36. Qa3 Ne2 37. Ra1 Bf4+ 38. g3 Rh1+ 39. Kxh1 Qxh3# 0-1